[Event "Plzen Calliditas op"]
[Site "Plzen"]
[Date "2023.08.25"]
[Round "8"]
[White "Seterle, Matej"]
[Black "Klement, Lukas"]
[Result "0-1"]
[WhiteElo "1890"]
[BlackElo "2304"]
[PlyCount "66"]
[EventDate "2023.08.19"]
[EventType "swiss"]
[EventRounds "9"]
[EventCountry "CZE"]
[SourceTitle "EXT 2024"]
[Source "ChessBase"]
[SourceDate "2023.10.10"]
[SourceVersion "1"]
[SourceVersionDate "2023.10.10"]
[SourceQuality "1"]

1. d3 e5 2. Nf3 Nc6 3. c3 d5 4. Qa4 Bd6 5. e4 Nf6 6. Nbd2 0-0 7. Be2 h6 8. Qc2 Be6 9. b4 a5 10. b5 Ne7 11. c4 dxc4 12. dxc4 Nd7 13. Bb2 b6 14. 0-0 Ng6 15. g3 Nc5 16. Nb3 Bh3 17. Rfd1 Qe7 18. Nxc5 Bxc5 19. Rd5 f6 20. Bf1 Bg4 21. Be2 Be6 22. Rd2 f5 23. Nxe5 Nxe5 24. Bxe5 fxe4 25. Qxe4 Bxf2+ 26. Kg2 Bf5 27. Qd5+ Kh8 28. Bf3 Rad8 29. Qc6 Qxe5 30. Rad1 Rxd2 31. Rxd2 Bc5 32. Rd5 Qb2+ 33. Kh1 Be4 0-1

[Event "Plzen Calliditas op"]
[Site "Plzen"]
[Date "2023.08.22"]
[Round "5"]
[White "Hajek, Jindrich"]
[Black "Seterle, Matej"]
[Result "0-1"]
[WhiteElo "1517"]
[BlackElo "1890"]
[PlyCount "62"]
[EventDate "2023.08.19"]
[EventType "swiss"]
[EventRounds "9"]
[EventCountry "CZE"]
[SourceTitle "EXT 2024"]
[Source "ChessBase"]
[SourceDate "2023.10.10"]
[SourceVersion "1"]
[SourceVersionDate "2023.10.10"]
[SourceQuality "1"]

1. e4 d6 2. d4 Nf6 3. Nc3 c6 4. Bd3 Qc7 5. Nge2 e5 6. f4 Bg4 7. h3 Bxe2 8. Bxe2 Nbd7 9. Be3 Be7 10. Qd2 b5 11. a3 a5 12. d5 Rb8 13. b4 axb4 14. axb4 exf4 15. Bxf4 Ne5 16. 0-0 0-0 17. Be3 Rb7 18. Ra6 cxd5 19. exd5 Rc8 20. Bd4 Qd7 21. Bxe5 dxe5 22. Bd3 Bxb4 23. Qg5 Bxc3 24. Rfxf6 e4 25. Rfd6 Bd4+ 26. Kh2 Qe8 27. Re6 fxe6 28. Rxe6 Qd8 29. Qxd8+ Rxd8 30. Bxe4 Rb6 31. Rc6 Rxc6 0-1

[Event "Plzen Calliditas op"]
[Site "Plzen"]
[Date "2023.08.20"]
[Round "2"]
[White "Seterle, Matej"]
[Black "Koutecky, Vaclav1111"]
[Result "1-0"]
[WhiteElo "1890"]
[BlackElo "1307"]
[PlyCount "55"]
[EventDate "2023.08.19"]
[EventType "swiss"]
[EventRounds "9"]
[EventCountry "CZE"]
[SourceTitle "EXT 2024"]
[Source "ChessBase"]
[SourceDate "2023.10.10"]
[SourceVersion "1"]
[SourceVersionDate "2023.10.10"]
[SourceQuality "1"]

1. d3 e5 2. Nf3 Nc6 3. c3 Nf6 4. Qa4 Be7 5. e4 d6 6. Be2 Bd7 7. Qc2 0-0 8. 0-0 Be6 9. b4 a6 10. Bb2 d5 11. Nbd2 h6 12. a3 Qd6 13. exd5 Nxd5 14. Ne4 Qd7 15. c4 Nf4 16. Nxe5 Qc8 17. Nxc6 bxc6 18. Bf3 Bg4 19. Qd2 Bd6 20. Nxd6 Qe6 21. Qxf4 Bxf3 22. Qxf3 cxd6 23. Rfe1 Qg6 24. Re4 f5 25. Re7 Rf7 26. Rxf7 Qxf7 27. Qxc6 Qe7 28. Qxa8+ 1-0

[Event "Plzen op"]
[Site "Plzen"]
[Date "2021.08.29"]
[Round "9"]
[White "Seterle, Matej"]
[Black "Macho, Miloslav"]
[Result "1-0"]
[WhiteElo "1848"]
[BlackElo "1645"]
[PlyCount "71"]
[EventDate "2021.08.23"]
[EventType "swiss"]
[EventRounds "9"]
[EventCountry "CZE"]
[SourceTitle "CBM 204 Extra"]
[Source "ChessBase"]
[SourceDate "2021.11.30"]
[SourceVersion "1"]
[SourceVersionDate "2021.11.30"]
[SourceQuality "1"]

1. d3 d5 2. Nf3 Bg4 3. Nbd2 Nf6 4. c3 Nc6 5. Qa4 Bd7 6. Qc2 e5 7. e4 dxe4 8. dxe4 Bd6 9. b4 a6 10. Bb2 0-0 11. a3 Bg4 12. c4 Re8 13. c5 Bf8 14. Be2 Nd4 15. Nxd4 exd4 16. f3 Bh5 17. Nb3 Nxe4 18. fxe4 Qh4+ 19. g3 Qxe4 20. Qxe4 Rxe4 21. Nxd4 Bxe2 22. Nxe2 Rae8 23. 0-0-0 Rxe2 24. Rd7 R2e7 25. Rhd1 Rxd7 26. Rxd7 Rc8 27. Be5 b6 28. c6 f6 29. Bxc7 g6 30. Kd2 Bh6+ 31. Kd3 Bf8 32. Kd4 b5 33. Kd5 f5 34. Be5 a5 35. c7 axb4 36. Rd8 1-0

[Event "Plzen Calliditas op"]
[Site "Plzen"]
[Date "2020.08.23"]
[Round "1"]
[White "Eret, Matous"]
[Black "Seterle, Matej"]
[Result "1-0"]
[WhiteElo "2195"]
[BlackElo "1745"]
[PlyCount "63"]
[EventDate "2020.08.23"]
[EventType "swiss"]
[EventRounds "9"]
[EventCountry "CZE"]
[SourceTitle "CBM 198 Extra"]
[Source "ChessBase"]
[SourceDate "2020.11.30"]
[SourceVersion "1"]
[SourceVersionDate "2020.11.30"]
[SourceQuality "1"]

1. e4 c5 2. Nf3 e6 3. d4 cxd4 4. Nxd4 a6 5. Nc3 b5 6. a3 Bb7 7. g3 Qc7 8. Bg2 Nf6 9. 0-0 Be7 10. Re1 0-0 11. e5 Ne8 12. Ne4 g6 13. Bf4 Ng7 14. Qg4 Qb6 15. Bg5 Bxg5 16. Qxg5 Bxe4 17. Bxe4 Nc6 18. Nf3 Ne8 19. Qh6 f6 20. Bxg6 hxg6 21. Qxg6+ Ng7 22. exf6 Rxf6 23. Qxf6 Rf8 24. Qc3 Nf5 25. Rad1 Rf7 26. Re4 Rg7 27. Nh4 Nh6 28. Qf6 Kh7 29. Rxd7 Rxd7 30. Qg6+ Kh8 31. Qxh6+ Kg8 32. Qxe6+ 1-0